Riziko a odpovědnost v hospodářské praxi /

Guardado en:
Detalles Bibliográficos
Autor principal: Hajn, Petr (Autor)
Formato: Libro
Lenguaje:checo
Publicado: Praha : Svoboda, 1984
Etiquetas: Agregar Etiqueta
Sin Etiquetas, Sea el primero en etiquetar este registro!

MARC

LEADER 00000nam a22000003a 4500
001 stu36695
005 20150617225727.4
008 920617s1984----cs------------------cze-d
040 |a STU  |b slo 
041 0 |a cze 
044 |a cs 
100 1 |a Hajn, Petr  |4 aut 
245 1 |a Riziko a odpovědnost v hospodářské praxi /  |c [aut.]Petr Hajn 
260 |a Praha :  |b Svoboda,  |c 1984 
300 |a 142 s 
996 |b 284M014780  |c M*6507-1  |l MMKN  |s A  |a 24  |w stu36695_0001